000 00384nam a2200157Ia 4500
005 20250425073719.0
008 240331s9999 xx 000 0 und d
082 _a294.5
_bPAR
100 _aParamaguru, P
245 0 _aNaan kanda sithtargal
250 _a2nd
260 _aChennai
_bVanathi pathippagam
_c1995
300 _a298 p .,
500 _aSitharkalai pandriyy nool
942 _cL
999 _c952
_d952